Potrebujeme štátnu rodinnú politiku? 4

Súčasný stav sociálnych dávok poskytovaných rodinám je roztrieštený a nepriehľadný. Vytváranie nového systému sociálneho zabezpečenia, ktorý by mal odstrániť tento stav a nanovo definovať úlohu štátu voči rodine. Táto časť príspevku je zameraná na výchovu detí a mládeže a hlavné rizikové faktory ohr...

Descripción completa

Guardado en:
Detalles Bibliográficos
Autor principal: Sopira, Boris
Formato: Capítulo de libro
Lenguaje:eslovaco
Materias:
Etiquetas: Agregar Etiqueta
Sin Etiquetas, Sea el primero en etiquetar este registro!

MARC

LEADER 00000naa a2200000 4500
001 r020986
005 20230825075455.1
041 0 |a slo 
044 |a SK 
245 1 0 |a Potrebujeme štátnu rodinnú politiku? 4  |c Boris Sopira 
520 |a Súčasný stav sociálnych dávok poskytovaných rodinám je roztrieštený a nepriehľadný. Vytváranie nového systému sociálneho zabezpečenia, ktorý by mal odstrániť tento stav a nanovo definovať úlohu štátu voči rodine. Táto časť príspevku je zameraná na výchovu detí a mládeže a hlavné rizikové faktory ohrozujúce zdravý vývin detí a mládeže u nás. 
610 2 0 |a politika rodinná 
610 2 0 |a politika sociálna 
610 2 0 |a Slovensko 
610 2 0 |a rodina 
610 2 0 |a výchova 
610 2 0 |a deti 
610 2 0 |a mládež 
100 1 |a Sopira, Boris